000 00303nam a22001337a 4500
008 170527b xxu||||| |||| 00| 0 eng d
020 _a0130326739
041 _aeng
080 _a621.3
100 _a25
101 _aIM
245 _aANALOG AND DIGITAL CONTROL SYSTEMS
_cGAYAKWAD, R
942 _2udc
_cBK
999 _c14637
_d14637